[Event "Gent U20"]
[Site "Gent"]
[Date "2000.07.17"]
[Round "5"]
[White "Richards, Heather"]
[Black "Clark, Stephen P"]
[Result "1/2-1/2"]
[WhiteElo "2117"]
[BlackElo "2133"]
[PlyCount "32"]
[EventDate "2000.07.15"]
[EventType "tourn"]
[EventRounds "9"]
[EventCountry "BEL"]
[SourceDate "2005.09.12"]

1. e4 c5 2. c3 d5 3. exd5 Qxd5 4. d4 Nc6 5. Nf3 cxd4 6. cxd4 e5 7. Nc3 Bb4 8.
Bd2 Bxc3 9. Bxc3 e4 10. Ne5 Nxe5 11. dxe5 Ne7 12. Qa4+ Nc6 13. Bb5 Bd7 14. O-O
a6 15. Bxc6 Qxc6 16. Qxc6 Bxc6 1/2-1/2

[Event "Gent U20"]
[Site "Gent"]
[Date "2000.07.17"]
[Round "5"]
[White "Leenhouts, Koen"]
[Black "Friedrichs, Klaus"]
[Result "0-1"]
[WhiteElo "2254"]
[BlackElo "2248"]
[PlyCount "100"]
[EventDate "2000.07.15"]
[EventType "tourn"]
[EventRounds "9"]
[EventCountry "BEL"]
[SourceDate "2005.09.12"]

1. Nf3 c5 2. e4 Nc6 3. g3 g6 4. Bg2 Bg7 5. c3 e5 6. d3 Nge7 7. O-O O-O 8. Nbd2
d5 9. exd5 Nxd5 10. Re1 Re8 11. Ne4 b6 12. Qb3 h6 13. Nfd2 Be6 14. Nc4 Qc7 15.
Ned6 Red8 16. Nb5 Qd7 17. Qc2 Rab8 18. Qa4 a6 19. Qxa6 Ra8 20. Nxb6 Rxa6 21.
Nxd7 Rxd7 22. a4 Na7 23. Bxd5 Bxd5 24. c4 Be6 25. Be3 Bf8 26. b4 Nc6 27. bxc5
Rxd3 28. Nc7 Ra5 29. Nxe6 fxe6 30. Reb1 Bxc5 31. Rb5 Bxe3 32. fxe3 Rc3 33. Rb7
Ra7 34. Rxa7 Nxa7 35. Rd1 Nc6 36. Rd6 Rxc4 37. Rxe6 Kf7 38. Rd6 Ne7 39. a5 Ra4
40. a6 Nf5 41. Rd7+ Ke6 42. Ra7 Nxe3 43. Ra8 Nd5 44. a7 Nc7 45. Rg8 Kf7 46. Rh8
Kg7 47. Rd8 Rxa7 48. Kf2 Ne6 49. Rd5 Kf6 50. h4 h5 0-1

[Event "Gent U20"]
[Site "Gent"]
[Date "2000.07.17"]
[Round "5"]
[White "Michiels, Bart"]
[Black "Gregoir, Christophe"]
[Result "1/2-1/2"]
[WhiteElo "2145"]
[BlackElo "2114"]
[PlyCount "75"]
[EventDate "2000.07.15"]
[EventType "tourn"]
[EventRounds "9"]
[EventCountry "BEL"]
[SourceDate "2005.09.12"]

1. e4 c6 2. d4 d5 3. Nc3 dxe4 4. Nxe4 Bf5 5. Ng3 Bg6 6. h4 h6 7. f4 e6 8. Nf3
Nd7 9. h5 Bh7 10. Bd3 Bxd3 11. Qxd3 Qc7 12. Bd2 O-O-O 13. Ne4 Ngf6 14. O-O-O
Nxe4 15. Qxe4 Nf6 16. Qe2 Rd5 17. c4 Rxh5 18. Rxh5 Nxh5 19. Ne5 Nf6 20. Kb1 Bd6
21. Bc3 Rd8 22. Qf3 h5 23. Qg3 g6 24. Qf3 Bxe5 25. fxe5 Ng4 26. Bb4 c5 27. Bxc5
Nxe5 28. Qe2 Ng4 29. Bb4 Qf4 30. Bc3 Ne3 31. Re1 Nf5 32. d5 Ng3 33. Qc2 Qf5 34.
Qxf5 Nxf5 35. dxe6 fxe6 36. Rxe6 Rd6 37. Rxd6 Nxd6 38. b3 1/2-1/2

[Event "Gent U20"]
[Site "Gent"]
[Date "2000.07.17"]
[Round "5"]
[White "Erwich, Marc"]
[Black "Wirig, Anthony"]
[Result "1/2-1/2"]
[WhiteElo "2180"]
[BlackElo "2221"]
[PlyCount "73"]
[EventDate "2000.07.15"]
[EventType "tourn"]
[EventRounds "9"]
[EventCountry "BEL"]
[SourceDate "2005.09.12"]

1. e4 c5 2. Nf3 Nc6 3. d4 cxd4 4. Nxd4 g6 5. Nc3 Bg7 6. Be3 Nf6 7. Be2 O-O 8.
O-O d5 9. Nxc6 bxc6 10. e5 Nd7 11. f4 e6 12. Na4 f6 13. exf6 Bxf6 14. c4 Ba6
15. Re1 Re8 16. Rc1 Nb6 17. cxd5 Bxe2 18. Rxe2 cxd5 19. Bd4 Bxd4+ 20. Qxd4 Nxa4
21. Qxa4 Rc8 22. Rxc8 Qb6+ 23. Kh1 Rxc8 24. h3 Rd8 25. Qc2 d4 26. Qc4 Kf7 27.
Qd3 Rd5 28. b3 Qd6 29. Re4 Qd7 30. b4 Qd6 31. a3 Qd7 32. Re2 Qd6 33. Re4 Qd7
34. Re1 Qc6 35. Re4 Qd7 36. Kh2 Qd6 37. Kh1 1/2-1/2

[Event "Gent U20"]
[Site "Gent"]
[Date "2000.07.17"]
[Round "6"]
[White "Brunner, Nicolas"]
[Black "Wirig, Anthony"]
[Result "1/2-1/2"]
[WhiteElo "2108"]
[BlackElo "2221"]
[PlyCount "41"]
[EventDate "2000.07.15"]
[EventType "tourn"]
[EventRounds "9"]
[EventCountry "BEL"]
[SourceDate "2005.09.12"]

1. Nf3 Nf6 2. c4 g6 3. Nc3 d5 4. cxd5 Nxd5 5. e4 Nxc3 6. bxc3 Bg7 7. d4 c5 8.
Rb1 O-O 9. Be2 cxd4 10. cxd4 Qa5+ 11. Bd2 Qxa2 12. O-O a5 13. Qc1 Bg4 14. Bc4
Qa4 15. Bb5 Qa2 16. Bc4 Qa4 17. Rxb7 Bxf3 18. gxf3 Nc6 19. Bb5 Qxb5 20. Rxb5
Nxd4 21. Rxa5 1/2-1/2

[Event "Gent U20"]
[Site "Gent"]
[Date "2000.07.17"]
[Round "6"]
[White "Gregoir, Christophe"]
[Black "Erwich, Marc"]
[Result "0-1"]
[WhiteElo "2114"]
[BlackElo "2180"]
[PlyCount "80"]
[EventDate "2000.07.15"]
[EventType "tourn"]
[EventRounds "9"]
[EventCountry "BEL"]
[SourceDate "2005.09.12"]

1. d4 Nf6 2. c4 c5 3. d5 b5 4. cxb5 a6 5. bxa6 Bxa6 6. Nc3 d6 7. Nf3 g6 8. g3
Bg7 9. Bg2 O-O 10. O-O Nbd7 11. Qc2 Ra7 12. Rd1 Qa8 13. Rb1 Rb8 14. b3 Ne8 15.
Bb2 Nc7 16. e4 Rab7 17. Nd2 Ne5 18. Bf1 Bxf1 19. Rxf1 Qa6 20. Ba1 e6 21. dxe6
fxe6 22. Rfd1 Rf8 23. f4 Ng4 24. Nc4 Bd4+ 25. Kg2 d5 26. h3 Nf2 27. Rxd4 cxd4
28. Kxf2 dxc4 29. Na4 c3 30. Nc5 Qa7 31. Nd3 Nb5 32. Re1 Nd6 33. Kg2 Ra8 34.
Nc1 Qc5 35. Rd1 e5 36. fxe5 Qxe5 37. Re1 Nf5 38. Qf2 Ne3+ 39. Kh2 Rf7 40. Qe2
Raf8 0-1

[Event "Gent U20"]
[Site "Gent"]
[Date "2000.07.17"]
[Round "6"]
[White "Friedrichs, Klaus"]
[Black "Michiels, Bart"]
[Result "1/2-1/2"]
[WhiteElo "2248"]
[BlackElo "2145"]
[PlyCount "59"]
[EventDate "2000.07.15"]
[EventType "tourn"]
[EventRounds "9"]
[EventCountry "BEL"]
[SourceDate "2005.09.12"]

1. d4 c5 2. d5 e6 3. e4 Nf6 4. Nc3 d6 5. Nf3 exd5 6. exd5 Be7 7. Bb5+ Nbd7 8.
a4 O-O 9. O-O a6 10. Be2 Ng4 11. Bf4 Nge5 12. Ne4 Nxf3+ 13. Bxf3 Qc7 14. Re1 b6
15. Qe2 Ra7 16. Ra3 Nf6 17. Ng3 Bd8 18. Re3 Bd7 19. c4 h6 20. h4 Re8 21. Rxe8+
Nxe8 22. Bg4 Nf6 23. Bxd7 Qxd7 24. Qd3 g6 25. Bxh6 Ng4 26. Bg5 Bxg5 27. hxg5
Qxa4 28. f4 Qd7 29. Re4 b5 30. Qe2 1/2-1/2

[Event "Gent U20"]
[Site "Gent"]
[Date "2000.07.17"]
[Round "6"]
[White "Clark, Stephen P"]
[Black "Leenhouts, Koen"]
[Result "1-0"]
[WhiteElo "2133"]
[BlackElo "2254"]
[PlyCount "75"]
[EventDate "2000.07.15"]
[EventType "tourn"]
[EventRounds "9"]
[EventCountry "BEL"]
[SourceDate "2005.09.12"]

1. d4 Nf6 2. Nf3 g6 3. Bf4 Bg7 4. h3 d6 5. e3 Nbd7 6. Be2 O-O 7. O-O Re8 8. Bh2
c6 9. c3 a5 10. a4 Rb8 11. b4 b6 12. Qb3 e5 13. dxe5 dxe5 14. Rd1 Qe7 15. Nbd2
Nd5 16. Nc4 Ba6 17. Ra2 Rbd8 18. e4 Nf4 19. Bf1 Qe6 20. Rad2 Bf8 21. Bxf4 exf4
22. Ng5 Qf6 23. Rxd7 Rxd7 24. Rxd7 Qxg5 25. Ne5 Qf6 26. Ng4 Qe6 27. Qxe6 Rxe6
28. Bxa6 h5 29. Bc4 hxg4 30. Bxe6 fxe6 31. bxa5 bxa5 32. Ra7 Bg7 33. Rxa5 Bxc3
34. Rc5 Bd4 35. Rxc6 g3 36. a5 Bxf2+ 37. Kf1 Kf7 38. Rc7+ 1-0

[Event "Gent U20"]
[Site "Gent"]
[Date "2000.07.17"]
[Round "6"]
[White "Verduyn, Philippe"]
[Black "Richards, Heather"]
[Result "1/2-1/2"]
[WhiteElo "2083"]
[BlackElo "2117"]
[PlyCount "47"]
[EventDate "2000.07.15"]
[EventType "tourn"]
[EventRounds "9"]
[EventCountry "BEL"]
[SourceDate "2005.09.12"]

1. e4 e6 2. d3 c5 3. g3 Nc6 4. Bg2 g6 5. Nc3 Bg7 6. Be3 d6 7. Qd2 Nge7 8. Bh6
O-O 9. h4 Bxh6 10. Qxh6 f6 11. Qd2 e5 12. O-O-O Nd4 13. h5 g5 14. h6 Ng6 15.
Nd5 Be6 16. c3 Nb5 17. Ne2 Nc7 18. f4 Nxd5 19. exd5 Bg4 20. fxg5 fxg5 21. Rdf1
Qe7 22. Be4 Rxf1+ 23. Rxf1 Rf8 24. Qe1 1/2-1/2

[Event "Gent U20"]
[Site "Gent"]
[Date "2000.07.18"]
[Round "7"]
[White "Richards, Heather"]
[Black "Brunner, Nicolas"]
[Result "0-1"]
[WhiteElo "2117"]
[BlackElo "2108"]
[PlyCount "96"]
[EventDate "2000.07.15"]
[EventType "tourn"]
[EventRounds "9"]
[EventCountry "BEL"]
[SourceDate "2005.09.12"]

1. e4 c5 2. c3 Nf6 3. e5 Nd5 4. Nf3 b6 5. d4 cxd4 6. cxd4 e6 7. Nc3 Nxc3 8.
bxc3 Qc7 9. Bd2 Bb7 10. Bd3 Be7 11. O-O O-O 12. Re1 d6 13. Rc1 Nd7 14. Bf4 dxe5
15. Nxe5 Bd6 16. Qg4 Nxe5 17. Bxe5 Bxe5 18. Rxe5 g6 19. Qh3 Rfd8 20. Qh6 Rd5
21. Rxd5 Bxd5 22. c4 Bb7 23. Re1 Rd8 24. Be4 Rxd4 25. Bxb7 Qxb7 26. h4 Qd7 27.
Rc1 Rd1+ 28. Rxd1 Qxd1+ 29. Kh2 Qd4 30. Kg1 Qxc4 31. Qg5 Qd5 32. Qf6 a5 33. g3
b5 34. a3 b4 35. axb4 axb4 36. Qb2 b3 37. Qc3 h5 38. Qc8+ Kg7 39. Qc3+ Kh7 40.
Qa1 Qd2 41. Qf6 Kg8 42. Qe5 b2 43. Qb8+ Kh7 44. Qb7 Kg7 45. Qb8 Qc1+ 46. Kg2
b1=Q 47. Qe5+ Kg8 48. g4 Qh1+ 0-1

[Event "Gent U20"]
[Site "Gent"]
[Date "2000.07.18"]
[Round "7"]
[White "Leenhouts, Koen"]
[Black "Verduyn, Philippe"]
[Result "1-0"]
[WhiteElo "2254"]
[BlackElo "2083"]
[PlyCount "67"]
[EventDate "2000.07.15"]
[EventType "tourn"]
[EventRounds "9"]
[EventCountry "BEL"]
[SourceDate "2005.09.12"]

1. d4 Nf6 2. Bg5 b6 3. f3 Bb7 4. e4 h6 5. Bh4 d6 6. Nc3 Nbd7 7. Qd2 e6 8. d5 e5
9. Nge2 Be7 10. Bf2 c6 11. O-O-O cxd5 12. exd5 b5 13. Ng3 b4 14. Nce4 Nxe4 15.
fxe4 Bg5 16. Be3 Bxe3 17. Qxe3 O-O 18. Bd3 Nc5 19. h4 Bc8 20. Rdf1 Qa5 21. Kb1
b3 22. axb3 Nxd3 23. Qxd3 Ba6 24. c4 Rab8 25. Nf5 Qb4 26. Rf3 Kh7 27. Qc3 Bxc4
28. Rg3 g5 29. hxg5 Bxb3 30. Rxh6+ Kg8 31. Rh8+ Kxh8 32. Rh3+ Kg8 33. Rh8+ Kxh8
34. Qh3+ 1-0

[Event "Gent U20"]
[Site "Gent"]
[Date "2000.07.18"]
[Round "7"]
[White "Michiels, Bart"]
[Black "Clark, Stephen P"]
[Result "0-1"]
[WhiteElo "2145"]
[BlackElo "2133"]
[PlyCount "46"]
[EventDate "2000.07.15"]
[EventType "tourn"]
[EventRounds "9"]
[EventCountry "BEL"]
[SourceDate "2005.09.12"]

1. e4 c6 2. d4 d5 3. Nc3 dxe4 4. Nxe4 Bf5 5. Ng3 Bg6 6. h4 h6 7. f4 e6 8. Nf3
Nd7 9. h5 Bh7 10. Bd3 Bxd3 11. Qxd3 Qc7 12. Ne5 Nxe5 13. fxe5 O-O-O 14. Qe4 c5
15. Be3 cxd4 16. Bxd4 Bc5 17. O-O-O Ne7 18. Bxc5 Qxc5 19. Rhf1 Rxd1+ 20. Kxd1
Rf8 21. Kc1 Nc6 22. Re1 Rd8 23. Qf4 Nb4 0-1

[Event "Gent U20"]
[Site "Gent"]
[Date "2000.07.18"]
[Round "7"]
[White "Erwich, Marc"]
[Black "Friedrichs, Klaus"]
[Result "1/2-1/2"]
[WhiteElo "2180"]
[BlackElo "2248"]
[PlyCount "52"]
[EventDate "2000.07.15"]
[EventType "tourn"]
[EventRounds "9"]
[EventCountry "BEL"]
[SourceDate "2005.09.12"]

1. e4 d5 2. exd5 Qxd5 3. Nc3 Qa5 4. d4 c6 5. Nf3 Nf6 6. Bc4 Bf5 7. Bd2 e6 8.
Qe2 Bb4 9. O-O-O Nbd7 10. Nh4 Nb6 11. Bb3 O-O-O 12. Nxf5 Qxf5 13. a3 Ba5 14.
Be3 Bxc3 15. bxc3 Qa5 16. Kb2 Nfd5 17. Qd3 Na4+ 18. Bxa4 Qxa4 19. c4 Nb6 20. c5
Nc4+ 21. Ka2 e5 22. Qb3 Qxb3+ 23. Kxb3 Nxe3 24. fxe3 Rhe8 25. Rd2 exd4 26. exd4
Re4 1/2-1/2

[Event "Gent U20"]
[Site "Gent"]
[Date "2000.07.18"]
[Round "7"]
[White "Wirig, Anthony"]
[Black "Gregoir, Christophe"]
[Result "1/2-1/2"]
[WhiteElo "2221"]
[BlackElo "2114"]
[PlyCount "103"]
[EventDate "2000.07.15"]
[EventType "tourn"]
[EventRounds "9"]
[EventCountry "BEL"]
[SourceDate "2005.09.12"]

1. d4 Nf6 2. Nf3 g6 3. Nc3 Bg7 4. e4 d6 5. Be3 O-O 6. Qd2 Nbd7 7. Bd3 Rb8 8. a4
b6 9. O-O Bb7 10. Bh6 c5 11. Bxg7 Kxg7 12. d5 a6 13. Qe2 Qc8 14. Bc4 Nh5 15. g3
Nhf6 16. b3 Re8 17. Rfd1 Ng4 18. Nh4 Nge5 19. f4 Nxc4 20. bxc4 Qc7 21. Qd3 Bc8
22. Re1 Kg8 23. Ng2 Nf8 24. Ne3 Nd7 25. Kg2 Nf6 26. Rab1 Bd7 27. Kg1 Bc8 28.
Rb2 Bd7 29. Reb1 Rec8 30. Ng2 Rd8 31. Re1 Ne8 32. Nh4 Ng7 33. Qe2 Re8 34. Qf1
Qc8 35. Reb1 Qc7 36. Nf3 Nh5 37. Rb3 Ng7 38. R1b2 Rb7 39. Qb1 Reb8 40. Kg2 Nh5
41. Qg1 Qc8 42. Qf2 Bh3+ 43. Kh1 Bd7 44. Rb1 Ng7 45. Qe2 Bg4 46. Qe3 Kf8 47.
Ng5 h6 48. Nf3 Kg8 49. Kg2 Bh3+ 50. Kh1 Bg4 51. Kg2 Bh3+ 52. Kh1 1/2-1/2

[Event "Gent U20"]
[Site "Gent"]
[Date "2000.07.18"]
[Round "8"]
[White "Brunner, Nicolas"]
[Black "Gregoir, Christophe"]
[Result "1-0"]
[WhiteElo "2108"]
[BlackElo "2114"]
[PlyCount "73"]
[EventDate "2000.07.15"]
[EventType "tourn"]
[EventRounds "9"]
[EventCountry "BEL"]
[SourceDate "2005.09.12"]

1. d4 Nf6 2. c4 g6 3. Nc3 Bg7 4. e4 d6 5. Nf3 O-O 6. Be2 e5 7. O-O Nc6 8. d5
Ne7 9. Ne1 Nd7 10. Be3 f5 11. f3 f4 12. Bf2 g5 13. a4 Kh8 14. Nb5 a6 15. Na7
Rxa7 16. Bxa7 b6 17. a5 Bb7 18. axb6 cxb6 19. c5 dxc5 20. Bxa6 Bxa6 21. Rxa6
Nc8 22. Qa4 Rf6 23. Nc2 h5 24. Na3 g4 25. Nc4 Rg6 26. fxg4 hxg4 27. g3 Rh6 28.
d6 fxg3 29. hxg3 Rh3 30. Kg2 Bh6 31. Qc6 Bf4 32. Ra3 Nxa7 33. Rxa7 Rh2+ 34. Kg1
Bxg3 35. Ra8 Nb8 36. Rxb8 Qxb8 37. d7 1-0

[Event "Gent U20"]
[Site "Gent"]
[Date "2000.07.18"]
[Round "8"]
[White "Friedrichs, Klaus"]
[Black "Wirig, Anthony"]
[Result "1/2-1/2"]
[WhiteElo "2248"]
[BlackElo "2221"]
[PlyCount "58"]
[EventDate "2000.07.15"]
[EventType "tourn"]
[EventRounds "9"]
[EventCountry "BEL"]
[SourceDate "2005.09.12"]

1. e4 c5 2. Nf3 d6 3. d4 cxd4 4. Nxd4 Nf6 5. Nc3 g6 6. Be3 Bg7 7. f3 O-O 8. Qd2
Nc6 9. O-O-O Nxd4 10. Bxd4 Be6 11. Kb1 Qc7 12. g4 Rfc8 13. h4 Qa5 14. a3 Rab8
15. h5 b5 16. h6 b4 17. axb4 Rxb4 18. hxg7 Rxb2+ 19. Kxb2 Qb4+ 20. Kc1 Qa3+ 21.
Kb1 Qb4+ 22. Kc1 Qa3+ 23. Kb1 Nxe4 24. fxe4 Rxc3 25. Qxc3 Ba2+ 26. Ka1 Bb3+ 27.
Kb1 Ba2+ 28. Ka1 Bb3+ 29. Kb1 Ba2+ 1/2-1/2

[Event "Gent U20"]
[Site "Gent"]
[Date "2000.07.18"]
[Round "8"]
[White "Clark, Stephen P"]
[Black "Erwich, Marc"]
[Result "1/2-1/2"]
[WhiteElo "2133"]
[BlackElo "2180"]
[PlyCount "76"]
[EventDate "2000.07.15"]
[EventType "tourn"]
[EventRounds "9"]
[EventCountry "BEL"]
[SourceDate "2005.09.12"]

1. d4 Nf6 2. Nf3 b6 3. Bf4 Bb7 4. e3 e6 5. Bd3 Be7 6. h3 O-O 7. Nbd2 c5 8. c3
Nc6 9. O-O d5 10. Re1 h6 11. Qe2 Re8 12. Bh2 a5 13. a4 Qc8 14. Ne5 Nxe5 15.
dxe5 Ne4 16. Nxe4 dxe4 17. Bc2 Qc6 18. c4 Rad8 19. Rad1 Bf8 20. Rd2 Rxd2 21.
Qxd2 Qc7 22. Rd1 Bc6 23. b3 g6 24. Kf1 Kh7 25. Bf4 Bg7 26. Qd6 Qxd6 27. Rxd6
Rc8 28. g4 Bf8 29. Rd1 Be7 30. Bg3 h5 31. Kg2 hxg4 32. hxg4 Kh6 33. Rh1+ Kg7
34. Bf4 Rd8 35. Rd1 Rh8 36. Rh1 Rd8 37. Rd1 Rh8 38. Rh1 Rd8 1/2-1/2

[Event "Gent U20"]
[Site "Gent"]
[Date "2000.07.18"]
[Round "8"]
[White "Verduyn, Philippe"]
[Black "Michiels, Bart"]
[Result "0-1"]
[WhiteElo "2083"]
[BlackElo "2145"]
[PlyCount "98"]
[EventDate "2000.07.15"]
[EventType "tourn"]
[EventRounds "9"]
[EventCountry "BEL"]
[SourceDate "2005.09.12"]

1. e4 c5 2. Nc3 Nc6 3. g3 g6 4. Bg2 Bg7 5. d3 d6 6. Be3 e6 7. Qd2 Rb8 8. Nge2
Nd4 9. O-O Ne7 10. Nc1 O-O 11. Nd1 e5 12. c3 Ne6 13. f4 f5 14. Ne2 b6 15. Nf2
Ba6 16. g4 fxe4 17. Nxe4 d5 18. Ng5 Nxg5 19. fxg5 Qd7 20. h3 Qb5 21. Rad1 e4
22. a4 Qxd3 23. Rxf8+ Rxf8 24. Qxd3 Bxd3 25. Nf4 Bc2 26. Rd2 Bb3 27. Ne6 Rf7
28. Nd8 Rf8 29. Ne6 Rc8 30. Bf4 Nc6 31. Nc7 Rd8 32. Ne6 Rd7 33. Bxe4 Re7 34.
Nxc5 bxc5 35. Bxd5+ Bxd5 36. Rxd5 Re1+ 37. Kf2 Rb1 38. Rxc5 Rxb2+ 39. Ke3 Rb6
40. Bc7 Ra6 41. a5 Kf7 42. Ke4 Ke6 43. Bb6 Ne7 44. Bd8 Rd6 45. Bc7 Rc6 46.
Rxc6+ Nxc6 47. c4 Be5 48. Bxe5 Nxe5 49. c5 Nc6 0-1

[Event "Gent U20"]
[Site "Gent"]
[Date "2000.07.18"]
[Round "8"]
[White "Richards, Heather"]
[Black "Leenhouts, Koen"]
[Result "1-0"]
[WhiteElo "2117"]
[BlackElo "2254"]
[PlyCount "119"]
[EventDate "2000.07.15"]
[EventType "tourn"]
[EventRounds "9"]
[EventCountry "BEL"]
[SourceDate "2005.09.12"]

1. e4 e6 2. d4 d5 3. Nc3 Nf6 4. Bg5 Be7 5. e5 Nfd7 6. Bxe7 Qxe7 7. f4 a6 8. Nf3
c5 9. Bd3 Nc6 10. dxc5 Nxc5 11. O-O b5 12. a3 Nxd3 13. cxd3 O-O 14. Rc1 Bb7 15.
g3 Qc5+ 16. Kh1 Qa7 17. b4 Nd4 18. Nxd4 Qxd4 19. Qd2 Rac8 20. Ne2 Qb6 21. d4
Rc4 22. Rc3 f6 23. exf6 Rxf6 24. Re1 Bc6 25. Rd3 Be8 26. Rc3 Bg6 27. Rd1 Be4+
28. Kg1 h5 29. Qe3 Bf5 30. Rxc4 bxc4 31. Nc3 Qb7 32. Na4 Bh3 33. Nc5 Qf7 34.
Qe5 Qg6 35. Re1 h4 36. Kf2 Qc2+ 37. Qe2 Qc3 38. Qe3 Qb2+ 39. Re2 Qb1 40. Re1
Qc2+ 41. Qe2 Qg6 42. Nd7 Rxf4+ 43. gxf4 Qg2+ 44. Ke3 Qe4+ 45. Kf2 Qxf4+ 46. Qf3
Qxh2+ 47. Ke3 Bf5 48. Qf4 Qh3+ 49. Kf2 Qxa3 50. Qb8+ Kh7 51. Nf8+ Kh6 52. Qf4+
g5 53. Qe5 Kh5 54. Nd7 Qxb4 55. Qh8+ Kg4 56. Rg1+ Kh3 57. Rh1+ Kg4 58. Ne5+ Kf4
59. Rxh4+ g4 60. Qh6+ 1-0

[Event "Gent U20"]
[Site "Gent"]
[Date "2000.07.19"]
[Round "9"]
[White "Leenhouts, Koen"]
[Black "Brunner, Nicolas"]
[Result "1/2-1/2"]
[WhiteElo "2254"]
[BlackElo "2108"]
[PlyCount "25"]
[EventDate "2000.07.15"]
[EventType "tourn"]
[EventRounds "9"]
[EventCountry "BEL"]
[SourceDate "2005.09.12"]

1. d4 Nf6 2. Bg5 Ne4 3. Bf4 c5 4. f3 Qa5+ 5. c3 Nf6 6. Nd2 cxd4 7. Nc4 Qd8 8.
Bxb8 Rxb8 9. Qxd4 Ra8 10. e4 d5 11. O-O-O Be6 12. Ne5 Qa5 13. g4 {The game
cannot be entered because here black played 000 which was actually not allowed
because the rook a8 had been already moved ! White did not notice that mistake
and the game went to a draw on move 42.} 1/2-1/2

[Event "Gent U20"]
[Site "Gent"]
[Date "2000.07.19"]
[Round "9"]
[White "Michiels, Bart"]
[Black "Richards, Heather"]
[Result "1/2-1/2"]
[WhiteElo "2145"]
[BlackElo "2117"]
[PlyCount "51"]
[EventDate "2000.07.15"]
[EventType "tourn"]
[EventRounds "9"]
[EventCountry "BEL"]
[SourceDate "2005.09.12"]

1. e4 e6 2. d4 d5 3. Nc3 Bb4 4. e5 c5 5. a3 Bxc3+ 6. bxc3 Qa5 7. Bd2 Qa4 8. Qb1
c4 9. g3 Nc6 10. Bh3 Bd7 11. Nf3 Nge7 12. O-O O-O-O 13. Re1 h6 14. Bg4 b6 15.
h4 Rdf8 16. Kg2 Re8 17. Re2 Ng8 18. Qd1 f5 19. Bh5 Rf8 20. Ng1 Nge7 21. Re1 Nd8
22. Nh3 g6 23. Be2 Nf7 24. Qc1 Rfg8 25. Rg1 Rh7 26. Kf1 1/2-1/2

[Event "Gent U20"]
[Site "Gent"]
[Date "2000.07.19"]
[Round "9"]
[White "Erwich, Marc"]
[Black "Verduyn, Philippe"]
[Result "1-0"]
[WhiteElo "2180"]
[BlackElo "2083"]
[PlyCount "71"]
[EventDate "2000.07.15"]
[EventType "tourn"]
[EventRounds "9"]
[EventCountry "BEL"]
[SourceDate "2005.09.12"]

1. e4 b6 2. d4 Bb7 3. Bd3 d6 4. Nf3 Nd7 5. O-O g6 6. Nbd2 Bg7 7. Qe2 e6 8. b3
Ne7 9. Bb2 O-O 10. Rfe1 c5 11. c3 e5 12. Nc4 Qc7 13. Rad1 exd4 14. cxd4 d5 15.
Na3 a6 16. e5 Nc6 17. e6 Nf6 18. Ng5 Nxd4 19. Bxd4 cxd4 20. exf7+ Kh8 21. Ne6
Qxf7 22. Nxf8 Bxf8 23. Nc2 Ne4 24. Bxe4 dxe4 25. Rxd4 Bc5 26. Rdd1 Rf8 27. Ne3
Bc6 28. b4 Be7 29. Qd2 Kg8 30. Ng4 Qg7 31. Qd4 Qxd4 32. Rxd4 a5 33. Rc1 Ba8 34.
Rd7 Re8 35. bxa5 bxa5 36. Rxe7 1-0

[Event "Gent U20"]
[Site "Gent"]
[Date "2000.07.19"]
[Round "9"]
[White "Wirig, Anthony"]
[Black "Clark, Stephen P"]
[Result "1-0"]
[WhiteElo "2221"]
[BlackElo "2133"]
[PlyCount "81"]
[EventDate "2000.07.15"]
[EventType "tourn"]
[EventRounds "9"]
[EventCountry "BEL"]
[SourceDate "2005.09.12"]

1. Nf3 d5 2. g3 Nf6 3. Bg2 Bf5 4. O-O h6 5. d3 e6 6. Nbd2 Be7 7. b3 O-O 8. Bb2
Nbd7 9. Qe1 Bh7 10. e4 dxe4 11. dxe4 c6 12. Qe2 Qc7 13. h3 Rfd8 14. Rfd1 e5 15.
Nh4 Nc5 16. Nf5 Bf8 17. Nc4 Rxd1+ 18. Rxd1 Re8 19. Qe3 Re6 20. Re1 Nfd7 21. Rd1
Nf6 22. Bc3 b6 23. Ba1 Bg6 24. Bb2 Kh7 25. Rf1 Ncd7 26. Kh1 Bc5 27. Qe2 b5 28.
Nce3 Qb6 29. Rd1 Qc7 30. a3 a6 31. Kg1 Bf8 32. Ng4 Nxg4 33. Qxg4 Nf6 34. Qe2
Bc5 35. Nh4 Rd6 36. Rxd6 Qxd6 37. b4 Bb6 38. Qd3 Qc7 39. Nxg6 Kxg6 40. Qf3 Kh7
41. Qf5+ 1-0

[Event "Gent U20"]
[Site "Gent"]
[Date "2000.07.19"]
[Round "9"]
[White "Gregoir, Christophe"]
[Black "Friedrichs, Klaus"]
[Result "1-0"]
[WhiteElo "2114"]
[BlackElo "2248"]
[PlyCount "95"]
[EventDate "2000.07.15"]
[EventType "tourn"]
[EventRounds "9"]
[EventCountry "BEL"]
[SourceDate "2005.09.12"]

1. d4 e6 2. c4 b6 3. Nf3 Bb7 4. e3 f5 5. Be2 Nf6 6. O-O Bd6 7. Nc3 Ne4 8. Qc2
O-O 9. b3 Rf6 10. Ne5 Rh6 11. Bf3 Bxe5 12. dxe5 Qh4 13. h3 Na6 14. Ba3 Bc6 15.
Bxe4 Bxe4 16. Nxe4 fxe4 17. Rad1 Rd8 18. Rd4 Nc5 19. Bxc5 bxc5 20. Rxe4 Qg5 21.
Qe2 Rf8 22. Qg4 Qf5 23. Qxf5 exf5 24. Rf4 d6 25. e4 fxe4 26. Rxe4 dxe5 27. Rxe5
Ra6 28. Rxc5 Rxa2 29. Rxc7 Rb2 30. Rb7 a5 31. Rb5 Rd8 32. Re1 Rdd2 33. Rf5 g6
34. Rf3 Rdc2 35. Ra1 Ra2 36. Rxa2 Rxa2 37. Kh2 a4 38. bxa4 Rxa4 39. Rc3 Ra6 40.
c5 Rc6 41. Kg3 Kf7 42. Kf4 Kf6 43. Ke4 Ke6 44. Kd4 h5 45. Rb3 Kf5 46. Kd5 Rc8
47. Rf3+ Kg5 48. c6 1-0

[Event "Finale Challenge Blitz BNP Paribas"]
[Site "Port Marly"]
[Date "2013.06.15"]
[Round "1.1"]
[White "Canivet, Arnaud"]
[Black "Guliyev, Namig"]
[Result "1-0"]
[WhiteElo "1920"]
[BlackElo "2580"]
[PlyCount "77"]
[EventDate "2013.06.15"]
[EventType "match (rapid)"]
[EventRounds "15"]
[EventCountry "FRA"]
[SourceDate "2005.09.12"]

1. d4 d5 2. c4 dxc4 3. Nc3 a6 4. a4 Nf6 5. e4 e5 6. d5 Bd6 7. Bxc4 O-O 8. Nge2
Nbd7 9. O-O Re8 10. Ng3 Nf8 11. f4 exf4 12. Bxf4 Bxf4 13. Rxf4 Qd6 14. Qd2 Qc5+
15. Qf2 Qxf2+ 16. Rxf2 Ng4 17. Rf3 Ne5 18. Be2 Nxf3+ 19. Bxf3 Bd7 20. Kf2 Ng6
21. Nge2 b5 22. axb5 axb5 23. Rc1 c6 24. Nd4 cxd5 25. Nxd5 Ra2 26. Rc2 Ne5 27.
Be2 Rc8 28. Ne7+ Kf8 29. Nxc8 b4 30. Nb6 Be8 31. Rc8 Rxb2 32. Nc4 Nxc4 33. Rxc4
Ke7 34. Nc6+ Kd6 35. Nxb4 Bb5 36. Rd4+ Kc5 37. Rd5+ Kb6 38. Rxb5+ Kc7 39. Nd5+
1-0

[Event "Finale Challenge Blitz BNP Paribas"]
[Site "Port Marly"]
[Date "2013.06.15"]
[Round "1.2"]
[White "Dourerassou, Jonathan"]
[Black "Duval, Claire"]
[Result "1-0"]
[WhiteElo "2580"]
[BlackElo "1900"]
[PlyCount "63"]
[EventDate "2013.06.15"]
[EventType "match (rapid)"]
[EventRounds "15"]
[EventCountry "FRA"]
[SourceDate "2005.09.12"]

1. e4 c5 2. Nf3 Nc6 3. b3 e5 4. Bb2 d6 5. Nc3 Be7 6. Bc4 Nf6 7. O-O O-O 8. a4
a6 9. Bd5 Nd4 10. Nxd4 cxd4 11. Ne2 Nxd5 12. exd5 b6 13. c4 f5 14. f4 d3 15.
Nc3 Bd7 16. Qe1 Bf6 17. Ba3 b5 18. Bxd6 Re8 19. fxe5 b4 20. Na2 Be7 21. Bxe7
Qxe7 22. e6 Qc5+ 23. Kh1 Bxe6 24. dxe6 a5 25. Rf3 Ra6 26. Re3 Qd6 27. Nc1 f4
28. Re4 Rxe6 29. Rxe6 Qxe6 30. Qxe6+ Rxe6 31. Nxd3 Re2 32. Rd1 1-0